00314nam a2200121Ia 4500008004100000041000800041082001500049100002300064245002300087260004500110300003000155365000700185240624s9999 xx 000 0 und d aeng a658.87 SIN aSINHA PIYUSH KUMAR aMANAGING RETAILING c2007aNew DelhibOxford University press axv, : 543 : p. : cm. ; 24 cRS